000 00485nam a2200157 4500
001 113144
003 ES-MaACL
005 20230906185756.0
007 t|
008 061121s1950 sp r ||||1| spa d
100 1 _aMutge y Sauri, Gerardo.
_984724
245 1 0 _aEulogio Florentino Sanz, autor del drama `Don Francisco de Quevedo` /
_cGerardo Mutge y Sauri.
260 _aBarcelona :
_bTonell de Reus,
_c1950.
300 _a49 p. ;
_c17 cm.
852 _aES-MaACL
_j1968-F-12
_bR.37777
999 _c113144
_d113144